Motori di Ricerca più diffusi al mondo - Statistics

Statistiche generali
  • Questo quiz è stato fatto 92 volte
  • Il punteggio medio è 3 su 11
Statistiche sulle risposte
Anno di Fondazione Motore di Ricerca % Corretto
1997 Google
100%
2009 Microsoft Bing
75%
1994 Yahoo!
59%
2008 DuckDuckGo
22%
2009 Ecosia
16%
2011 Qwant
4%
1996 Ask.com
2%
2000 Baidu
2%
1998 Startpage
2%
1997 Yandex
2%
2018 Kagi
1%
Nessun quiz corrispondente trovato
Distribuzione punteggi
Percentuale di utenti per punteggio
Percentile per numero di risposta
I tuoi punteggi nel tempo
Non hai fatto questo quiz